000 00677nab a2200193 4500
001 244442
003 OSt
005 20231114132654.0
007 tu
008 200917s2020|||||||
040 _aDE-2950
_cDE-2950
245 0 0 _aKarnevalstradition lebt wieder auf
_bFasching. Der Carnevals-Club stand in der Pandemiekurz vor dem Aus. Am Wochenende wird im Gasthaus in Kliestow zum ersten Mal nach dreieinhalb Jahren wieder der 11.11. gefeiert/
_cRené Matschkowiak
264 _c2023
653 _aFrankfurt (Oder)
653 _aBooßen
653 _aCarnevals-Club
773 0 _g34. Jahrgang (2023) Nr. 263 vom 11.11.2023, S. 17: Foto
_tMärkische Oderzeitung
942 _2z
_cA
999 _c372827
_d372827